Association of Retirement Housing Managers (Record no. 121209)

MARC details
000 -LEADER
fixed length control field 00800nam a22001577a 4500
001 - CONTROL NUMBER
control field K121209
008 - FIXED-LENGTH DATA ELEMENTS--GENERAL INFORMATION
fixed length control field 190716b ||||| |||| 00| 0 eng d
110 ## - MAIN ENTRY--CORPORATE NAME
9 (RLIN) 3599
Corporate author Association of Retirement Housing Managers
245 ## - TITLE STATEMENT
Title Association of Retirement Housing Managers
520 ## - ABSTRACT
Abstract Funded in 1991,the Association of Retirement Housing managers represents 55 member organisations who manage over 100,000 retirement properties in the UK. Separate Codes of Practice for England, Wales and Scotland promotes best practice and ethics regarding the management of retirement housing.<br/>
650 ## - KEYWORDS
Keywords Retirement housing
650 ## - KEYWORDS
Keywords Service charges
651 ## - SUBJECT ADDED ENTRY--GEOGRAPHIC NAME
Geographic name United Kingdom
690 ## - LOCAL SUBJECT ADDED ENTRY--TOPICAL TERM (OCLC, RLIN)
9 (RLIN) 6252
Topical term or geographic name as entry element Landlord and tenant
856 ## - ONLINE RESOURCE
Uniform Resource Identifier https://www.arhm.org/publication-category/code-of-practice/
Public note View at arhm.org
Holdings
Withdrawn status Lost status Source of classification or shelving scheme Damaged status Not for loan Home library Current library Shelving location Date acquired Total Checkouts Date last seen Price effective from Koha item type
    Dewey Decimal Classification     Virtual Virtual Online 19/02/2020   19/02/2020 19/02/2020 Online material